| 000 | 01348nac a22003131i 4500 | ||
|---|---|---|---|
| 003 | EG-ScBUE | ||
| 005 | 20240902090821.0 | ||
| 008 | 240902s2003 enka f b 001 0 eng d | ||
| 020 | _a0198509154 (hbk.) | ||
| 040 |
_aEG-ScBUE _beng _erda _cEG-ScBUE _dEG-ScBUE |
||
| 082 | 0 | 4 |
_a502.825 _bSPE _222 |
| 100 | 1 |
_aSpence, John C. H., _eauthor. |
|
| 245 | 1 | 0 |
_aHigh-resolution electron microscopy / _cJohn C.H. Spence, Department of Physics and Astronomy, Arizona State University. |
| 250 | _aThird edition. | ||
| 264 | 1 |
_aOxford ; _aNew York : _bOxford University Press, _c2003. |
|
| 300 |
_axvi, 401 pages : _billustrations (some color) ; _c24 cm. |
||
| 336 |
_2rdacontent _atext _btxt |
||
| 337 |
_aunmediated _2rdamedia _bn |
||
| 338 |
_avolume _bnc _2rdacarrier |
||
| 490 | 0 |
_aMonographs on the physics and chemistry of materials ; _v60 |
|
| 500 | _aRev. ed. of: Experimental high-resolution electron microscopy. 2nd ed. 1988. | ||
| 500 | _aDistributer: Al-Ahram | ||
| 504 | _aIncludes bibliographical references and index. | ||
| 650 | 7 |
_aHigh resolution electron microscopy. _2BUEsh |
|
| 655 | _vReading book | ||
| 856 | 4 | 2 |
_3Publisher description _uhttp://www.loc.gov/catdir/enhancements/fy0613/2002030302-d.html |
| 856 | 4 | 2 |
_3Table of contents only _uhttp://www.loc.gov/catdir/enhancements/fy0613/2002030302-t.html |
| 942 |
_cBB _2ddc |
||
| 999 |
_c9229 _d9229 |
||